| 000 | 00663nam a2200241 a 4500 | ||
|---|---|---|---|
| 005 | 20210223124004.0 | ||
| 008 | 991125n 000 0 u | ||
| 035 | _aUPN01000093077 | ||
| 100 | 1 | _aSimonen, Mari | |
| 222 | _aPROSPECTS | ||
| 245 | _aPopulation education in the promotion of development | ||
| 300 | _a429-437 | ||
| 362 | 0 | _a1990 Vol. 20, no. 4 | |
| 653 | 0 | _aEDUCACION POPULAR | |
| 653 | 0 | _aMATERNIDAD PRECOZ | |
| 653 | 0 | _aPAISES DESARROLLADOS | |
| 653 | 0 | _aPROGRAMAS DESARROLLISTAS | |
| 653 | 0 | _aROL SEXUAL | |
| 700 |
_aSikes, O. J., _xcoaut. |
||
| 700 |
_aPalacio, Jairo, _xcoaut. _942766 |
||
| 904 |
_aAC _b030888 |
||
| 905 | _aArticulo | ||
| 999 |
_c74575 _d74575 |
||